Foreign technology introduction white paper : Annual report of the Science and Technology Board of the Japanese Government.

שמור ב:
מידע ביבליוגרפי
מחבר תאגידי: Trade Bulletin Corporation.
פורמט: ספר
שפה:Undetermined
יצא לאור: Tokyo Trade Bulletin Corporation. 1967
נושאים:
תגים: הוספת תג
אין תגיות, היה/י הראשונ/ה לתייג את הרשומה!
Thư viện lưu trữ: Trung tâm Học liệu Trường Đại học Cần Thơ
LEADER 00669nam a2200205Ia 4500
001 CTU_94149
008 210402s9999 xx 000 0 und d
082 |a 332.6 
082 |b T763 
110 |a Trade Bulletin Corporation. 
245 0 |a Foreign technology introduction white paper : 
245 0 |b Annual report of the Science and Technology Board of the Japanese Government. 
245 0 |c Trade Bulletin Corporation. 
260 |a Tokyo 
260 |b Trade Bulletin Corporation. 
260 |c 1967 
650 |a Investments, foreign,Foreign licensing agreements. 
650 |z Japan 
904 |i Năm 
980 |a Trung tâm Học liệu Trường Đại học Cần Thơ